Countries Surrounding Doubly Landlocked Countries - Statistics

General Stats
  • This quiz has been taken 229 times
  • The average score is 16 of 18
Answer Stats
Country % Correct
Austria
100%
Switzerland
100%
France
98%
Germany
97%
Italy
96%
Kazakhstan
95%
Russia
93%
Turkmenistan
93%
Kyrgyzstan
92%
Tajikistan
92%
Slovenia
91%
Afghanistan
90%
China
88%
Pakistan
88%
Hungary
87%
Iran
84%
Slovakia
82%
Czech Republic
72%
No matching quizzes found
Score Distribution
Percent of People with Each Score
Percentile by Number Answered
Your Score History
You have not taken this quiz